000 00897nam a22003017a 4500
001 BR7405818
003 BR-BrBNA
005 20230928084622.0
007 ta
008 230509b bl.||||| |||| 00| 0 por d
040 _aBR-BrBNA
_bpor
_cBiblioteca Nacional de Agricultura
041 _a(Por)
072 _aL00; E10; E30
_b5213
_b/G514
090 _ 5213 BR7405818
110 1 _aFrigorifico Kaiowa S.A., Sao Paulo, SP (Brasil)
_94763
245 1 _aProjeto de expansao industrial [Abate; Gado de corte; Projeto industrial; Investimento; Brasil]
260 3 _aSao Paulo, SP (Brasil):
_c[nd].
300 _a111 p.
500 _a30 tables; Published 1974?
650 _aPROJETO DE DESENVOLVIMENTO
650 _aGADO DE CORTE
650 _aABATE
650 _aPROJETO INDUSTRIAL
650 _aMERCADO
650 _aINVESTIMENTO
909 _a202309
_bLucia
_c55
_dLucia Elande
942 _cBK
999 _c20119
_d20119